书目信息 |
| 题名: |
体能训练新论
|
|
| 作者: | 吴昌文 著 | |
| 分册: | ||
| 出版信息: | 北京 中国广播影视出版社 2019.9 |
|
| 页数: | 184页 | |
| 开本: | 24cm | |
| 丛书名: | ||
| 单 册: | ||
| 中图分类: | G826 | |
| 科图分类: | ||
| 主题词: | 青少年--定向运动--越野项目--体能--身体训练--研究 | |
| 电子资源: | ||
| ISBN: | 978-7-5043-8322-8 | |
| 000 | 01240nam0 2200229 45 | |
| 001 | 012001003050 | |
| 005 | 20131101135121.0 | |
| 010 | @a978-7-5043-8322-8@dCNY45.00 | |
| 100 | @a20190711d2019 em y0chiy0110 ea | |
| 101 | 0 | @achi |
| 102 | @aCN@b110000 | |
| 105 | @ay z 000yy | |
| 106 | @ar | |
| 200 | 1 | @a体能训练新论@Ati neng xun lian xin lun@f吴昌文著 |
| 210 | @a北京@c中国广播影视出版社@d2019.9 | |
| 215 | @a184页@d24cm | |
| 330 | @a本书为定向越野运动体能训练的理论专著,其中的体能训练内容适合大中小学生的体能训练,且有实践指导作用。包括定向越野体能训练内容和专项体能训练内容,具有一定的创新、实用价值。书中对目前定向越野体能训练中存在的问题进行了案列 分析,针对存在的问题采用的具体解决方法进行了研究。包括:小学生一般体能训练的恢复措施,中学生专项体能训练的恢复措施,高水平定向越野运动员体能训练的恢复措施,其中高水平定向越野运动员体能训练又含有:1.专项体能训练的具体内容、方法;2.专项体能与专项技能相结合的训练内容、方法;3.高水平定向越野运动员在体能训练中应遵循的原则;国外高水平定向越野教练员的指导理念等内容。本书具有实践指导作用。 | |
| 606 | 0 | @a青少年@x定向运动@x越野项目@x体能@x身体训练@x研究 |
| 690 | @aG826@v5 | |
| 701 | 0 | @a吴昌文@Awu chang wen@4著 |
| 801 | @b江苏凤凰@c20191020 | |
| 905 | @b1231808-13@dG826@e163@f6 | |
| 体能训练新论/吴昌文著.-北京:中国广播影视出版社,2019.9 |
| 184页;24cm |
| ISBN 978-7-5043-8322-8:CNY45.00 |
| 本书为定向越野运动体能训练的理论专著,其中的体能训练内容适合大中小学生的体能训练,且有实践指导作用。包括定向越野体能训练内容和专项体能训练内容,具有一定的创新、实用价值。书中对目前定向越野体能训练中存在的问题进行了案列 分析,针对存在的问题采用的具体解决方法进行了研究。包括:小学生一般体能训练的恢复措施,中学生专项体能训练的恢复措施,高水平定向越野运动员体能训练的恢复措施,其中高水平定向越野运动员体能训练又含有:1.专项体能训练的具体内容、方法;2.专项体能与专项技能相结合的训练内容、方法;3.高水平定向越野运动员在体能训练中应遵循的原则;国外高水平定向越野教练员的指导理念等内容。本书具有实践指导作用。 |
| ● |
| 相关链接 |
|
|
|
|
正题名:体能训练新论
索取号:G826/163
 
预约/预借
| 序号 | 登录号 | 条形码 | 馆藏地/架位号 | 状态 | 备注 |
| 1 | 1231808 | 212318080 | 第一样本阅览室/ [索取号:G826/163] | 在馆 | |
| 2 | 1231809 | 212318099 | 教育系资料室/ [索取号:G826/163] | 在馆 | |
| 3 | 1231810 | 212318106 | 教育系资料室/ [索取号:G826/163] | 在馆 | |
| 4 | 1231811 | 212318115 | 教育系资料室/ [索取号:G826/163] | 在馆 | |
| 5 | 1231812 | 212318124 | 第四借阅区/ [索取号:G826/163] | 在馆 | |
| 6 | 1231813 | 212318133 | 第四借阅区/ [索取号:G826/163] | 在馆 |